000 00421nam a2200169Ia 4500
008 230711s9999||||xx |||||||||||||| ||und||
020 _a978-89-91111-92-9
041 _aENG
082 _a720
_bDA-D
100 _aDAMDI:DIDI:Design idea dictionary
245 0 _aDIDI : design idea dictionary
250 _a1st . Ed.
260 _c2013
_aKorea
_bDAMDI Publishing
300 _a71
650 _aArchitecture
942 _cBK
999 _c5670
_d5670